| 000 | 01045nam a2200205 a 4500 | ||
|---|---|---|---|
| 008 | 160421s2013 ||||||||||||||||| || u | ||
| 020 | _a9780821396155 | ||
| 050 | _aHD 3616 Doi | ||
| 110 | _aWorld Bank | ||
| 245 | 1 | 0 |
_aDoing business 2013: smarter regulations for small and medium -size enterprises. 10th ed. _cBy The World Bank |
| 250 | _a10th ed. | ||
| 260 |
_aWashington D.C _bThe International Bank for Reconstruction _c 2013 |
||
| 300 | _avi, 270p.: ill. | ||
| 350 | _a35.00 | ||
| 650 | _aCOMMERCIAL LAW | ||
| 650 | _aTRADE REGULATION | ||
| 995 |
_aMAIN LIBRARY OPEN ACCESS _e746394 _FCBU-MAIN LIBRARY (Kitwe) _I35.00 _jHD 3616 Doi _M1 _UAVAILABLE _WApr 25, 2016 _y746394 _ZMain Library Open Access Collection |
||
| 995 |
_aANNEX COLLECTION (Main Library) _e746395 _FCBU-MAIN LIBRARY (Kitwe) _I35.00 _jHD 3616 Doi _M2 _UAVAILABLE _WApr 25, 2016 _y746395 _ZAnnex Low-Usage Collection |
||
| 995 |
_aMAIN LIBRARY OPEN ACCESS _e746396 _FCBU-MAIN LIBRARY (Kitwe) _I35.00 _jHD 3616 Doi _M3 _UAVAILABLE _WApr 25, 2016 _y746396 _ZMain Library Open Access Collection |
||
| 999 |
_c75624 _d75624 |
||